| 000 | 00662cam a22002173a 4500 | ||
|---|---|---|---|
| 001 | 39628 | ||
| 003 | PGUSA | ||
| 005 | 20140828083859.0 | ||
| 008 | 120505s2012||||xxu|||||s|||||000 | eng d | ||
| 040 |
_aPGUSA _beng |
||
| 042 | _adc | ||
| 100 | 1 | _aPlummer, Alfred | |
| 245 | 1 | 4 |
_aThe Expositor's Bible : _bThe Pastoral Epistles _h[electronic resource] / _cAlfred Plummer |
| 260 |
_bProject Gutenberg, _c2012 |
||
| 506 | _aPublic domain in the USA. | ||
| 516 | _aElectronic text | ||
| 700 | 1 |
_aNicoll, W. Robertson, _cSir _q(William Robertson), _d1851-1923 |
|
| 830 | 0 |
_aProject Gutenberg _v39628 |
|
| 856 | 4 | 0 | _uhttp://www.gutenberg.org/ebooks/39628 |
| 942 | _cEB | ||
| 999 |
_c268881 _d268881 |
||